00626nam a2200193Ia 4500008004100000020001500041082001900056100001500075245003900090250000600129260002500135300001600160500002400176650001000200942000700210952009900217952009900316999001700415230524s9999 xx 000 0 und d a8123901275 a624.15136bSIN aAlam Singh 0aBasic Soil Mechanics & Foundations a1 aNew DelhibCBSc2014 a"xiv,470p;" aQuantity Number: 2 aCivil cBK 00104070aTATCLbTATCLcGENd2023-05-24l0o624.15136 SINp52915r2023-05-24w2023-05-24yBK 00104070aTATCLbTATCLcGENd2023-05-24l0o624.15136 SINp52916r2023-05-24w2023-05-24yBK c55337d55337